| 000 | 00774nam a22002057a 4500 | ||
|---|---|---|---|
| 005 | 20250407103053.0 | ||
| 008 | 250123b ||||| |||| 00| 0 eng d | ||
| 020 | _a9789354566998 | ||
| 040 | _cAL | ||
| 041 | _aKannada | ||
| 082 |
_223 _aK894.8 _bMANB |
||
| 100 |
_aMannar Krishna Rao M S _9207655 |
||
| 100 |
_bಮನ್ನಾರ್ ಕೃಷ್ಣ ರಾವ್ ಮ ಸು _9207656 |
||
| 245 |
_aBharata Vibhajaneya Kathe mattu Vyathe _bಭಾರತ ವಿಭಜನೆಯ ಕಥೆ ಮತ್ತು ವ್ಯಥೆ |
||
| 260 |
_aBangalore _bSapna Book House _c2024 |
||
| 300 |
_a342 p. _bPB _c21x14 cm. |
||
| 365 |
_aBLCR-000070 _b₹280.00 _c₹ _d₹350.00 _e20% _f16-01-2025 |
||
| 650 |
_aA book on story and sufferings of partition of India _9195008 |
||
| 942 |
_2ddc _cBK |
||
| 999 |
_c233696 _d233696 |
||